00562nam a22001937a 450000500170000000800410001702000180005804000210007604100080009708200150010510000300012024500730015025000240022326000380024730000100028565000220029565000210031770000300033820201205112522.0201205b ||||| |||| 00| 0 eng d a9789388458337 aIN-DiNCcIN-DiNC dasm a320.5bNAT aNath, Manoj Kumareauthor aRajnaitik tattwa parichay/cby Manoj Kumar Nath and Harekrishna Bora a2nd rev. & enl. ed. aGuwahati:bStudents stores,c2019 a260p. aPolitical science aPolitical theory aBora, Harekrishnaeauthor